Loading...
| History - American | 0 | 8 | 0 | 2 | 80 | 61 | 93.88 | 1 | 5 | 0.00 | 0.00 |
| History - World | 0 | 8 | 1 | 1 | 75 | 22 | 64.63 | 5 | 8 | 0.00 | 0.00 |
| History - European | 0 | 7 | 1 | 1 | 65 | 31 | 79.57 | 5 | 6 | 0.00 | 0.00 |
| Fine Arts - Painting and Sculpture | 0 | 6 | 1 | 2 | 55 | 31 | 104.67 | 2 | 4 | 0.00 | 0.00 |
| History - Other | 0 | 6 | 2 | 2 | 50 | 72 | 96.33 | 0 | 6 | 0.00 | 0.00 |
| Fine Arts - Other | 0 | 4 | 2 | 1 | 30 | 79 | 111.00 | 1 | 2 | 0.00 | 0.00 |
| Science - Biology | 0 | 3 | 0 | 1 | 30 | 93 | 113.00 | 1 | 2 | 0.00 | 0.00 |
| Social Science | 0 | 3 | 1 | 0 | 25 | 75 | 94.33 | 0 | 2 | 0.00 | 0.00 |
| Current Events | 0 | 2 | 0 | 0 | 20 | 96 | 98.00 | 0 | 2 | 0.00 | 0.00 |
| Fine Arts - Classical Music | 0 | 2 | 0 | 1 | 20 | 116 | 120.50 | 0 | 0 | 0.00 | 0.00 |
| Philosophy | 0 | 2 | 0 | 0 | 20 | 100 | 106.00 | 0 | 2 | 0.00 | 0.00 |
| Science - Chemistry | 0 | 2 | 0 | 1 | 20 | 115 | 117.00 | 0 | 0 | 0.00 | 0.00 |
| Science - Other | 0 | 2 | 0 | 1 | 20 | 86 | 104.00 | 0 | 2 | 0.00 | 0.00 |
| Literature - European | 0 | 2 | 1 | 0 | 15 | 26 | 52.00 | 1 | 2 | 0.00 | 0.00 |
| Religion | 0 | 2 | 1 | 1 | 15 | 78 | 106.00 | 0 | 1 | 0.00 | 0.00 |
| Literature - British | 0 | 1 | 0 | 0 | 10 | 70 | 70.00 | 1 | 1 | 0.00 | 0.00 |
| Geography | 0 | 1 | 0 | 0 | 10 | 62 | 62.00 | 0 | 1 | 0.00 | 0.00 |
| Literature - World | 0 | 1 | 1 | 0 | 5 | 106 | 106.00 | 0 | 0 | 0.00 | 0.00 |
| Science - Physics | 0 | 0 | 0 | 0 | 0 | 0.00 | 0 | 0 | 0.00 | 0.00 | |
| Literature - American | 0 | 0 | 1 | 0 | -5 | 0.00 | 0 | 0 | 0.00 | 0.00 | |
| Pop Culture | 0 | 0 | 1 | 0 | -5 | 0.00 | 0 | 0 | 0.00 | 0.00 | |
| Mythology | 0 | 0 | 1 | 0 | -5 | 0.00 | 0 | 0 | 0.00 | 0.00 |